Process systems analysis and control (Record no. 13575)

000 -LEADER
fixed length control field 00578nam a22002051 4500
001 - CONTROL NUMBER
control field 13575
003 - CONTROL NUMBER IDENTIFIER
control field BD-DhUET
008 - FIXED-LENGTH DATA ELEMENTS--GENERAL INFORMATION
fixed length control field 730306s1965 nyua b 000 0 eng
040 ## - CATALOGING SOURCE
Original cataloging agency DLC
Transcribing agency DLC
Modifying agency BD-DhUET
082 ## - DEWEY DECIMAL CLASSIFICATION NUMBER
Classification number 660.284
Item number COU/1965
100 1# - MAIN ENTRY--PERSONAL NAME
Personal name Coughanowr, Donald R.
245 10 - TITLE STATEMENT
Title Process systems analysis and control
250 ## - EDITION STATEMENT
Edition statement 1st ed.
260 ## - PUBLICATION, DISTRIBUTION, ETC. (IMPRINT)
Place of publication, distribution, etc. New York
Name of publisher, distributor, etc. McGraw-Hill
Date of publication, distribution, etc. 1965
300 ## - PHYSICAL DESCRIPTION
Extent xii, 491 p.
Other physical details ill.
Dimensions 21 cm.
490 ## - SERIES STATEMENT
Series statement McGraw-Hill chemical engineering series
650 #0 - SUBJECT ADDED ENTRY--TOPICAL TERM
Topical term or geographic name as entry element Control devices process engineering
700 ## - ADDED ENTRY--PERSONAL NAME
Personal name Koppel, Lowell B.
942 ## - ADDED ENTRY ELEMENTS (KOHA)
Koha item type General Book
Holdings
Piece designation (barcode) Sublocation or collection (holding branch) Date acquired Copy number Source of classification or shelving scheme Damaged status Koha item type Shelving location Koha date last seen Koha issues (times borrowed) Location (home branch) Price effective from Koha date last borrowed Koha normalized classification for sorting Koha full call number Lost status Withdrawn status Not for loan
29699Central Library, BUET2015-03-031  General BookCirculation section2015-03-03 Central Library, BUET2015-03-03 660_284000000000000_COU_1965660.284/COU/1965   
29689Central Library, BUET2015-03-032  General BookCirculation section2017-05-091Central Library, BUET2015-03-032017-05-09660_284000000000000_COU_1965660.284/COU/1965   
29697Central Library, BUET2015-03-033  General BookCirculation section2015-03-03 Central Library, BUET2015-03-03 660_284000000000000_COU_1965660.284/COU/1965   
29692Central Library, BUET2015-03-034  General BookCirculation section2015-03-03 Central Library, BUET2015-03-03 660_284000000000000_COU_1965660.284/COU/1965   
29698Central Library, BUET2015-03-035  General BookCirculation section2015-03-03 Central Library, BUET2015-03-03 660_284000000000000_COU_1965660.284/COU/1965   
29690Central Library, BUET2015-03-036  General BookCirculation section2015-03-03 Central Library, BUET2015-03-03 660_284000000000000_COU_1965660.284/COU/1965   
29688Central Library, BUET2015-03-037  General BookCataloging to Circulation2015-03-03 Central Library, BUET2015-03-03 660_284000000000000_COU_1965660.284/COU/1965   
34519Central Library, BUET2015-03-048  General BookCirculation section2015-03-04 Central Library, BUET2015-03-04 660_284000000000000_COU_1965660.284/COU/1965   
29694Central Library, BUET2015-05-119  General BookCirculation section2015-05-11 Central Library, BUET2015-05-11 660_284000000000000_COU_1965660.284/COU/1965   
29696Central Library, BUET2015-05-1110  General BookCirculation section2015-05-11 Central Library, BUET2015-05-11 660_284000000000000_COU_1965660.284/COU/1965   
29695Central Library, BUET2015-05-1311  General BookCirculation section2015-05-13 Central Library, BUET2015-05-13 660_284000000000000_COU_1965660.284/COU/1965   
17869Central Library, BUET2015-05-1412  General BookCirculation section2015-05-14 Central Library, BUET2015-05-14 660_284000000000000_COU_1965660.284/COU/1965   
15822Central Library, BUET2015-05-1813  General BookCirculation section2015-05-18 Central Library, BUET2015-05-18 660_284000000000000_COU_1965660.284/COU/1965   
29700Central Library, BUET2015-06-2014  General BookReading section2015-06-20 Central Library, BUET2015-06-20 660_284000000000000_COU_1965660.284/COU/1965   
29701Central Library, BUET2015-06-2015  General BookReading section2015-06-20 Central Library, BUET2015-06-20 660_284000000000000_COU_1965660.284/COU/1965   
16716Central Library, BUET2015-07-1016  General BookCirculation section2015-07-10 Central Library, BUET2015-07-10 660_284000000000000_COU_1965660.284/COU/1965